Africa: 20 Most Populous Countries Quiz Stats

 Plays Quiz Updated Apr 18, 2019

Score 0/20 Timer 03:00
7 Plays Today
% Correct
3. Egypt
95.8%
5. South Africa
95.5%
4. Democratic
Republic of
the Congo
93.9%
2. Ethiopia
92.1%
1. Nigeria
90.7%
10. Sudan
89.8%
8. Algeria
88.9%
6. Tanzania
85.5%
7. Kenya
82.9%
17. Angola
73.6%
% Correct
13. Mozambique
68%
11. Morocco
62.8%
19. Niger
61.5%
16. Cote d'Ivoire
58.6%
15. Cameroon
54.6%
12. Ghana
53.9%
9. Uganda
39.5%
14. Madagascar
35.8%
18. Burkina Faso
19.9%
20. Malawi
9.9%

You're not logged in!

Compare scores with friends on all Sporcle quizzes.
OR
Log In

Show Comments

Extras

Top Quizzes Today


Score Distribution

Your Account Isn't Verified!

In order to create a playlist on Sporcle, you need to verify the email address you used during registration. Go to your Sporcle Settings to finish the process.

Report this User

Report this user for behavior that violates our Community Guidelines.

Details: